Statistics for Michigan Counties

Click here to take the quiz!

General Stats

  • This quiz has been taken 148 times
  • The average score is 35 of 83

Answer Stats

PopulationCounty SeatCounty% Correct
160,248JacksonJackson
72%
250,331KalamazooKalamazoo
72%
29,598AlpenaAlpena
71%
107,771Bay CityBay
70%
1,820,584DetroitWayne
68%
26,152CheboyganCheboygan
66%
1,202,362PontiacOakland
66%
111,408AlleganAllegan
64%
36,628HoughtonHoughton
64%
152,021MonroeMonroe
63%
63,905IoniaIonia
62%
602,622Grand RapidsKent
61%
200,169SaginawSaginaw
61%
25,949CharlevoixCharlevoix
59%
67,077MarquetteMarquette
59%
88,319LapeerLapeer
58%
172,188MuskegonMuskegon
58%
33,118Bad AxeHuron
57%
17,153KalkaskaKalkaska
57%
425,790FlintGenesee
54%
83,629MidlandMidland
54%
11,817Crystal FallsIron
53%
11,113St. IgnaceMackinac
53%
46,688HillsdaleHillsdale
51%
11,539BaldwinLake
51%
52,293CassopolisCass
50%
89,112Traverse CityGrand Traverse
50%
344,791Ann ArborWashtenaw
50%
25,692GladwinGladwin
49%
840,978Mt. ClemensMacomb
49%
24,733ManisteeManistee
49%
24,449RoscommonRoscommon
49%
280,895MasonIngham
47%
28,705LudingtonMason
47%
156,813St. JosephBerrien
46%
180,967HowellLivingston
46%
70,311Mt. PleasantIsabella
43%
45,248ColdwaterBranch
42%
136,146MarshallCalhoun
42%
6,780OntonagonOntonagon
42%
9,601MunisingAlger
41%
75,382St. JohnsClinton
41%
99,892AdrianLenawee
41%
61,295CentrevilleSt. Joseph
41%
38,520Sault Ste. MarieChippewa
38%
30,926HarrisonClare
38%
42,476IthacaGratiot
38%
59,173HastingsBarry
37%
24,029MenomineeMenominee
37%
263,801Grand HavenOttawa
36%
163,040Port HurtonSt. Clair
36%
10,942HarrisvilleAlcona
34%
15,899StandishArenac
34%
8,860L'AnseBaraga
34%
17,525BeulahBenzie
34%
107,759CharlotteEaton
33%
16,427BessemerGogebic
33%
25,887Tawas CityIosco
33%
21,708Suttons Bay TownshipLeelanau
33%
32,694PetoskeyEmmet
32%
8,640MioOscoda
30%
37,069EscanabaDelta
29%
26,168Iron MountainDickinson
29%
6,631NewberryLuce
29%
13,376Rogers CityPresque Isle
29%
43,114SanduskySanilac
29%
14,074GraylingCrawford
28%
26,570HartOceana
28%
8,485ManistiqueSchoolcraft
28%
63,342StantonMontcalm
26%
70,648CorunnaShiawassee
26%
23,598BellaireAntrim
25%
21,699West BranchOgemaw
25%
32,735CadillacWexford
25%
2,156Eagle RiverKeweenaw
24%
48,460White CloudNewaygo
24%
23,528Reed CityOsceola
24%
76,258Paw PawVan Buren
24%
42,798Big RapidsMecosta
22%
9,765AtlantaMontmorency
22%
14,849Lake CityMissaukee
21%
24,164GaylordOtsego
20%
55,729CaroTuscola
20%

Score Distribution

Percentile by Number Answered

Percent of People with Each Score

Your Score History

You have not taken this quiz